| 000 | 01625cam a22002895a 4500 | ||
|---|---|---|---|
| 001 | L137586 | ||
| 008 | 070417s2007 xxk f 000 0 eng d | ||
| 020 | _a9781842193204 | ||
| 035 | _a(Sirsi) u137586 | ||
| 041 | 0 | _aeng | |
| 050 | 0 | 4 | _a658.404 $2 18 |
| 110 | 2 |
_aRoyal Institution of Chartered Surveyors _bQuantity Surveying and Construction Faculty _94967 |
|
| 245 | 0 | 0 |
_aProject monitoring _bRICS guidance note _h[electronic resource] |
| 260 |
_aCoventry _bRICS _c2007 |
||
| 300 |
_avi, 52p. _c30cm. |
||
| 350 | _a35 | ||
| 490 | 0 | _aRICS Guidance Note | |
| 505 | 2 | _aIntroduction -- Client analysis -- Types of project monitoring - Instructing a project monitor -- Key stages in a project monitoring commission -- The role of the project monitor in the private finance initiative -- Professional practice -- Summary and conclusions -- Appendices: appointment checklist; sample appointment letter; initial audit report; drawdown checklist; progress report checklist; practical completion checklist; end of defects checklist | |
| 520 | _aProvides guidance to RICS members on the role and responsibilities of a project monitor. Notes the difference between project monitoring and project management/construction monitoring and outlines the typical areas that project monitors will advise upon. | ||
| 590 | _aKA NTK | ||
| 650 | 2 | 4 | _aPRIVATE FINANCE INITIATIVE |
| 651 | 4 | _aInternational | |
| 690 |
_aProject management _96261 |
||
| 690 |
_aConstruction management _96230 |
||
| 856 | 4 | 1 |
_uhttps://www.isurv.com/downloads/download/167/project_monitoring _zAvailable on iSurv (subscription required) |
| 942 |
_n0 _2ddc |
||
| 999 |
_c106836 _d106836 |
||